000 00776cab a2200289 4500
001 ABS50083
008 090401t1994 xxu||||| |||| 00| 0 eng d
035 _a(Sirsi) u74078
041 _aeng
245 _aPotential wall-tie failure through hydration of mortar
260 _c1994
350 _a0
490 _aCSM (Chartered Surveyor Monthly)
_v3(5) February 1994, 18(1)
520 _aExamines a possible new cause of wall tie failure.
650 _aCAVITY WALLS
650 _aCLIMATE
650 _aDEFECTS AND FAILURES
650 _aHYDRATION
650 _aMENTOR
650 _aMORTAR
650 _aSURVEYS
650 _aWALL TIE FAILURE
650 _aWALL TIES
690 _aBUILT ENVIRONMENT-BUILDING PATHOLOGY
942 _n0
948 _c04/03/1997
999 _c46762
_d46762